A Realistic Theory Of Law (Record no. 26762)
[ view plain ]
| 000 -LEADER | |
|---|---|
| fixed length control field | 01798 a2200157 4500 |
| 020 ## - INTERNATIONAL STANDARD BOOK NUMBER | |
| ISBN | 9781316638514 |
| 082 ## - DEWEY DECIMAL CLASSIFICATION NUMBER | |
| Classification number | 340.1 |
| Item number | TAM-R |
| 100 ## - MAIN ENTRY--AUTHOR NAME | |
| Personal name | Tamanaha , Brian Z. |
| 245 ## - TITLE STATEMENT | |
| Title | A Realistic Theory Of Law |
| 260 ## - PUBLICATION, DISTRIBUTION, ETC. (IMPRINT) | |
| Name of publisher | Cambridge University Press |
| Year of publication | 2017 |
| 300 ## - PHYSICAL DESCRIPTION | |
| Number of Pages | 208,,pp. |
| 520 ## - SUMMARY, ETC. | |
| Summary, etc | This book articulates an empirically grounded theory of law applicable throughout history and across different societies. Unlike natural law theory or analytical jurisprudence, which are narrow, abstract, ahistorical, and detached from society, Tamanaha's theory presents a holistic vision of law within society, evolving in connection with social, cultural, economic, political, ecological, and technological factors. He revives a largely forgotten theoretical perspective on law that runs from Montesquieu through the legal realists to the present. This book explains why the classic question 'what is law?' has never been resolved, and casts doubt on theorists' claims about necessary and universal truths about law. This book develops a theory of law as a social institution with varying forms and functions, tracing law from hunter-gatherer societies to the modern state and beyond. Tamanaha's theory accounts for social influences on law, legal influences on society, law and domination, multifunctional governmental uses of law, legal pluralism, international law, and other legal aspects largely overlooked in jurisprudence. Presents the only contemporary version of a holistic theory of law within society An excellent resource to learn a great deal about legal theory from a social scientific perspective Traces the development of law and society, providing an account of the transformation of modern law |
| 650 ## - SUBJECT ADDED ENTRY--TOPICAL TERM | |
| Topical Term | Law--Philosophy |
| 650 ## - SUBJECT ADDED ENTRY--TOPICAL TERM | |
| Topical Term | Sociological jurisprudence |
| 942 ## - ADDED ENTRY ELEMENTS (KOHA) | |
| Source of classification or shelving scheme | Dewey Decimal Classification |
| Koha item type | Books |
| Withdrawn status | Lost status | Damaged status | Not for loan | Home library | Current library | Date acquired | Source of acquisition | Cost, normal purchase price | Bill Date | Full call number | Accession Number | Cost, replacement price | Price effective from | Koha item type |
|---|---|---|---|---|---|---|---|---|---|---|---|---|---|---|
| NASSDOC Library | NASSDOC Library | 12/04/2021 | Overseas Press India Private Limited | 2133.97 | 2021-03-08 | 340.1 TAM-R | 51480 | 3005.60 | 12/04/2021 | Books |
